000 00584nam a2200193Ia 4500
005 20250923145121.0
008 008 250917s9999 xx 000 0 eng d
037 _aTextual
040 _aDSWL
_beng
_cDSWL
041 _aeng
_2eng
084 _aYX,ZF.Ir'N4, N53
_qDSWL
245 0 _aBiennial report on community & child welfare 1949 and 1950
_cby United Nations
260 _aNew York
_b United Nations Publications
_c1953
300 _a166 p.
365 _aUSD
_b3.5
925 _g3.5
942 _cTEXL
_hYX,ZF.Ir'N4, N53
999 _c1447333
_d1447333